| 000 | 00401nam a2200133Ia 4500 | ||
|---|---|---|---|
| 005 | 20260326235506.0 | ||
| 008 | 260326s9999||||xx |||||||||||||| ||und|| | ||
| 100 | _aVogel Maurer, Diane | ||
| 245 | 0 |
_aMarbling : _b A completely Guide to creating beautiful patterned papers and fabrics / _cDiane Vogel Maurer |
|
| 260 | _bCrescent Books | ||
| 300 | _a119 p. | ||
| 650 | _aDISEÑO INDUSTRIAL | ||
| 942 | _cBK | ||
| 999 |
_c8196 _d8196 |
||